000 00309nam a2200133Ia 4500
008 190216s9999||||xx |||||||||||||| ||und||
100 _aSinha. R.K
245 0 _aFiscal Federalism In India
250 _a1st Ed.
260 _bSterling Publications
_c1987
300 _a394
650 _aEconomics
942 _cBK
999 _c9787
_d9787